| 000 | 00750nam a2200193 a 4500 | ||
|---|---|---|---|
| 001 | BRCA_1899 | ||
| 005 | 20190320203608.0 | ||
| 008 | 110408s1998----sp-a---###---#000-0#spa-# | ||
| 020 | _a8481560898 | ||
| 050 | 4 |
_aNK4210.A5 _b.L69 1998 |
|
| 245 | 1 | 0 | _aLoza y porcelana de Alcora en el Museo de Cerámica de Barcelona. |
| 260 |
_a[Barcelona] _bMuseu de Ceràmica : Fundación Roviralta _c1998 |
||
| 300 |
_a146 p. _bil. a color, fotografías _c28 cm. |
||
| 504 | _aBibliografía : p. 146 | ||
| 610 | 2 | 4 |
_aReal Fábrica de loza y porcelana de Alcora _xTalleres de alfarería _ySiglo XVIII _zEspaña _95864 |
| 610 | 2 | 4 |
_aMuseo de Cerámica de Barcelona _vCatálogos _95865 |
| 650 | 1 | 4 |
_aCerámica esmaltada _ySiglo XVIII _zAlcora, España _95866 |
| 942 |
_2lcc _cB |
||
| 999 |
_c1673 _d1673 |
||